[Event "46th BAN National Premier Chess-ch 2021"]
[Site "Dhaka"]
[Date "2022.01.05"]
[Round "9.3"]
[White "Islam, Khandaker Aminul"]
[Black "Nayem, Haque"]
[Result "0-1"]
[WhiteElo "2155"]
[BlackElo "2091"]
[Annotator "TA"]
[PlyCount "62"]
[EventDate "2021.12.27"]
[EventCountry "BAN"]
[SourceTitle "playchess.com"]
[Source "ChessBase"]
[SourceQuality "1"]

{[%evp 9,62,16,24,20,47,16,8,0,2,-5,0,-5,0,-11,-6,-4,0,0,28,31,101,97,199,41,38,38,50,46,43,39,131,44,43,6,33,33,23,45,70,-8,-6,-651,-633,-862,-823,-1010,-997,-1216,-1208,-1104,-1101,-1854,-1857,-2677,-1839]} 1. d4 Nf6 2. Bg5 d5 3. e3 e6 4. Nf3 Nbd7 5. c4 {[%cal Bc2c4,Bc4c5][%mdl 32]} h6 6. Bh4 {D30: Queen's Gambit Declined: Systems without Nc3.} Bb4+ 7. Nfd2 {[#]} Be7 $146 ({Predecessor:} 7... O-O 8. Be2 dxc4 9. O-O e5 10. Nxc4 exd4 11. Qxd4 Qe7 12. Bf3 Bc5 13. Qd3 Ne5 14. Nxe5 Qxe5 {0-1 (74) Gunev,Z (2275)-Lazarov,A Ruse 1984}) 8. Nc3 {The position is equal.} O-O 9. c5 e5 10. Be2 exd4 11. exd4 b6 12. b4 a5 13. a3 bxc5 14. bxc5 g5 (14... Re8 $14) 15. Bg3 $16 Ne4 (15... Ba6 $16 {was worth a try.}) 16. Nxd5 $2 (16. Ncxe4 dxe4 17. Qa4 (17. Nxe4 f5 $14) 17... Nf6 $14) (16. Ndxe4 $18 dxe4 17. Nb5 (17. Nxe4 f5 $14)) 16... Ndxc5 $1 $14 17. dxc5 ({But not} 17. Nxe7+ Qxe7 18. Nxe4 (18. dxc5 $2 Nc3 $19) 18... Nxe4 $15) 17... Qxd5 18. Nxe4 Qxe4 19. O-O $1 {[#] Hoping for Bf3.} Qg6 (19... Bxc5 $2 20. Bf3 Qd4 21. Bxa8 $18) (19... Rd8 $14 20. Qc1 (20. Bf3 Rxd1 21. Bxe4 Rxf1+ 22. Rxf1 Ra6 $11) 20... Ra7) 20. Bh5 (20. Bxc7 $16 {Threatens to win with Bf3.} Bb7 21. Bb6) 20... Qf5 $1 {...g4 is the strong threat.} 21. Bf3 (21. Re1 $5 {[%cal Re1e7]} Bf6 22. Bf3 $14) 21... Ba6 {[%cal Bc8a6,Ba6f1,Bf1d3,Bd3b1][%mdl 32]} 22. Bxa8 Bxf1 23. Bf3 Bd3 24. c6 (24. Rc1 $1 $14) 24... Bf6 $11 25. Ra2 {[%mdl 8192] This costs White the game.} (25. Rc1 $11 Bb2 26. Bg4 (26. Bxc7 Bxc1 27. Qxc1 Rc8 $17)) 25... Rb8 $19 {[#] aiming for ...Rb1. Black is clearly winning.} 26. Bxc7 Rb1 27. Qxb1 Bxb1 28. Re2 g4 {[%cal Bg5g4,Bg4f3][%mdl 32]} 29. Re8+ Kh7 30. Bg3 gxf3 31. c7 Qd5 {Weighted Error Value: White=1.04/Black=0.15 (very precise)} 0-1

[Event "46th BAN National Premier Chess-ch 2021"]
[Site "Dhaka"]
[Date "2022.01.05"]
[Round "9.4"]
[White "Chatterjee, Debaraj"]
[Black "Mohammad, Minhaz Uddin"]
[Result "1/2-1/2"]
[WhiteElo "2204"]
[BlackElo "2259"]
[Annotator "TA"]
[PlyCount "85"]
[EventDate "2021.12.27"]
[EventCountry "BAN"]
[SourceTitle "playchess.com"]
[Source "ChessBase"]
[SourceQuality "1"]

{[%evp 24,85,40,34,58,49,58,44,70,-76,73,0,0,0,0,0,0,0,0,0,0,-101,-110,-241,-124,-150,-24,-25,0,-28,32,0,0,-138,-142,-139,-132,-102,-109,-110,0,0,0,0,0,-8,0,-1,0,-60,0,0,0,0,0,0,0,0,0,0,0,0,0,0]} 1. d4 Nf6 2. c4 e6 3. Nf3 c5 4. d5 exd5 5. cxd5 d6 6. Nc3 g6 7. Nd2 Bg7 8. e4 O-O 9. Be2 Re8 10. O-O Nbd7 11. h3 a6 12. a4 Rb8 13. Qc2 h5 {A77: Modern Benoni: Classical: 9...Re8 10 Nd2: 10...a6 and 10...Nbd7.} 14. f4 h4 15. Nc4 Nb6 {White is slightly better.} 16. Na3 {[#]} (16. Ne3 $14) 16... Bd7 {[#]} (16... Nxe4 $1 $17 {and life is bright.} 17. Nxe4 Bf5) 17. f5 $146 ({Better is} 17. a5 $16 Na4 18. Nxa4 Nxe4 19. Bd3) ({Predecessor:} 17. a5 Nc8 18. Nc4 Bb5 19. Bd2 Bxc4 20. Bxc4 Nh5 21. e5 Ng3 22. e6 Nxf1 23. Rxf1 {0-1 (50) Kashlinskaya,A (2494)-Jobava,B (2603) Chess.com INT 2020}) 17... Nxa4 $11 18. fxg6 fxg6 19. Bg5 Nxc3 20. bxc3 Re5 21. Bxh4 b5 {Prevents Nc4.} 22. Rf2 (22. Nb1 $11 {remains equal.}) 22... Qe7 $17 {...g5 is the strong threat.} 23. Raf1 (23. Bf3 $17 {keeps fighting.}) 23... Rf8 ({Black should play} 23... g5 $19 24. Bg3 Nxe4 25. Bxe5 Qxe5) 24. Nb1 a5 (24... Rxe4 $17 25. g4 Be8) 25. Nd2 $11 a4 26. Nf3 b4 (26... Rh5 $11) 27. Nxe5 (27. cxb4 {keeps more tension.} cxb4 28. Bd3 Rh5 29. Qc7 b3 30. Bg3) 27... Qxe5 28. Bxf6 (28. cxb4 $11 {keeps the balance.} cxb4 29. Bxf6 Rxf6 30. Rxf6 Bxf6 31. Qc7) 28... Rxf6 $17 29. cxb4 {Black must now prevent Rxf6.} Rxf2 30. Rxf2 cxb4 {Strongly threatening ...b3.} 31. Qc7 Qe8 (31... Be8 $17 32. Qb8 Qxe4) 32. Rf1 Be5 33. Qb6 b3 {With the idea ...b2.} 34. Bd3 Qc8 {Black wants to play ...b2.} 35. Kh1 $1 ({Reject} 35. Qf2 Qc5 36. Qxc5 (36. Kh1 $2 Qxf2 37. Rxf2 a3 $19) 36... dxc5 $17) 35... b2 36. Bb1 ({White should try} 36. Qa7 $11) 36... Bxh3 37. Qf2 $11 {Chess con chili. The position is equal.} Bd7 {aiming for ...Qe8. This bishop pair is nice.} 38. Qf7+ Kh8 39. Qxg6 {Threatens to win with g3.} Qc1 {[%cal Rc1f1]} 40. Qh5+ Kg7 {[%cal Rc1f1]} 41. Qf7+ Kh8 {Hoping for ...Qh6+.} 42. Qh5+ Kg7 {[%cal Rc1f1]} 43. Qf7+ {Weighted Error Value: White=0.37/Black=0.36} 1/2-1/2

[Event "46th BAN National Premier Chess-ch 2021"]
[Site "Dhaka"]
[Date "2022.01.05"]
[Round "9.5"]
[White "Hossain, Enamul"]
[Black "Md., Sharif Hossain"]
[Result "1/2-1/2"]
[WhiteElo "2398"]
[BlackElo "2211"]
[Annotator "TA"]
[PlyCount "136"]
[EventDate "2021.12.27"]
[EventCountry "BAN"]
[SourceTitle "playchess.com"]
[Source "ChessBase"]
[SourceQuality "1"]

{[%evp 16,136,21,41,46,33,39,28,41,26,22,24,32,8,19,15,18,24,21,4,18,5,31,27,32,32,32,32,58,60,100,87,126,103,263,256,256,264,256,261,240,275,275,262,261,256,250,74,73,73,75,69,69,76,191,196,191,192,193,191,193,193,229,229,229,229,236,188,186,187,303,287,315,265,259,247,246,250,239,200,171,0,0,0,0,0,0,0,0,0,0,0,0,0,0,0,0,0,0,0,0,0,0,0,0,0,0,0,0,0,0,-5,-5,-5,-5,-12,-5,-12,-12,-12,-12,-19,0]} 1. e4 e5 2. Nf3 Nc6 3. Bb5 a6 4. Ba4 Nf6 5. O-O Be7 6. d3 d6 7. c3 O-O 8. Re1 b5 9. Bc2 Nb8 {[%cal Bc6b8,Bb8d7,Bd7c5,Bc5e6,Be6f4][%mdl 32] C84: Closed Ruy Lopez: Unusual White 6th moves.} 10. a4 Bb7 11. Nbd2 {[%cal Bb1d2,Bd2f1,Bf1g3][%mdl 32]} Nbd7 {White has an edge.} 12. Nf1 Re8 13. Ng3 g6 {[#]} 14. Bd2 $146 ({Predecessor:} 14. d4 Bf8 15. Bd3 c6 16. b3 Qc7 17. Bb2 Bg7 18. Qc2 d5 19. exd5 Nxd5 20. Bf1 {0-1 (44) Alsina Leal,D (2531)-Erdogdu,M (2426) Barcelona 2015}) 14... Bf8 15. Qc1 Nc5 16. axb5 axb5 17. Rxa8 Qxa8 18. b4 Ne6 19. Qb2 Qa6 20. Ra1 Qb6 21. Be3 Qc6 22. Bb3 Nf4 23. Qd2 Bh6 24. h3 d5 $2 (24... Bc8 $16 {is a better defense.}) 25. d4 $1 $18 exd4 26. Nxd4 (26. Bxf4 $6 dxc3 27. exd5 Qd6 $16) 26... Qd6 27. Nxb5 Qe5 28. Qd4 Nxe4 29. Qxe5 Rxe5 30. Nxe4 (30. Nxc7 Nxg3 31. Kh2 Nf5 $17) 30... Rxe4 31. Ra7 $2 (31. Nxc7 $6 Ne2+ 32. Kf1 Bxe3 $16) (31. Nd4 $18 {is more deadly.}) 31... Bc6 $16 32. Nd4 (32. Nxc7 Ne2+ 33. Kh2 Bxe3 34. fxe3 Nxc3 $11) 32... Ne2+ 33. Nxe2 Rxe3 34. Rxc7 Re6 (34... Rxe2 $16 {keeps fighting.} 35. Rxc6 d4) 35. Rc8+ $18 Kg7 36. Nd4 {[%csl LRc6,LRe6]} Re1+ 37. Kh2 Bb7 38. Rc5 Rc1 39. g3 {To avoid Bf4} (39. Bxd5 $6 Bxd5 40. Rxd5 Rxc3 $16) 39... Bd2 40. Rc7 (40. Bxd5 $6 Bxd5 41. Rxd5 Bxc3 $16) 40... Ba8 41. b5 Rxc3 42. b6 {And now b7 would win.} Rd3 (42... Be1 {was called for.} 43. Ne6+ (43. b7 Bxb7 44. Rxb7 Bxf2 $16) 43... Kh6) 43. Ne6+ $1 (43. b7 Bxb7 $1 44. Ne6+ Kg8 $11) 43... Kf6 44. Bc2 Rf3 {[#]} 45. Kg2 Rc3 46. Nd8 {Strongly threatening Kf1.} (46. b7 Bxb7 $1 {[%mdl 512]} 47. Rxb7 fxe6 $17) (46. Nd4 Rxc7 47. bxc7 Bb7) 46... d4+ 47. Kf1 {aiming for Ke2.} (47. b7 Bxb7+ $1 48. Rxb7 Rxc2 $15) 47... d3 48. Rxf7+ $2 ({White should try} 48. Bd1 $18) 48... Ke5 $11 {The position is equal.} 49. Bxd3 Rxd3 50. Re7+ Kf6 51. Rf7+ Ke5 {Hoping for ...Bh1.} 52. b7 Rxd8 53. Rd7 Bxb7 54. Rxd8 Bc3 55. Rd7 {[%csl LRb7,LRh7]} Ba6+ 56. Kg1 h5 57. Re7+ Kd6 58. Re8 Bf6 59. h4 Bb7 60. Rg8 Ke6 61. Rb8 ({Don't blunder} 61. Rxg6 $2 Kf7 62. Rh6 Bf3 63. Rh7+ Bg7 $19) 61... Be4 62. Rb6+ Kf5 63. Rb4 Bc3 64. Rc4 Be5 65. Ra4 Bf3 66. Rb4 Ke6 67. Ra4 Bd6 68. Rd4 Be5 {Blacks defense is rewarded with a draw.  Weighted Error Value: White=0.16 (very precise) /Black=0.11 (very precise)} 1/2-1/2

[Event "46th BAN National Premier Chess-ch 2021"]
[Site "Dhaka"]
[Date "2022.01.05"]
[Round "9.6"]
[White "Mehdi, Hasan Parag"]
[Black "Rahman, Ziaur"]
[Result "1/2-1/2"]
[WhiteElo "2230"]
[BlackElo "2413"]
[Annotator "TA"]
[PlyCount "122"]
[EventDate "2021.12.27"]
[EventCountry "BAN"]
[SourceTitle "playchess.com"]
[Source "ChessBase"]
[SourceQuality "1"]

{[%evp 10,122,27,20,31,39,41,39,45,33,31,22,16,-12,0,-5,-5,-57,-25,-66,-22,-68,-43,-68,-63,-100,-109,-220,-199,-177,-206,-221,-119,-193,-204,-201,-203,-162,-193,-198,-192,-167,-97,-136,-64,-80,-24,-23,-50,-150,-154,-164,-148,-161,-157,-152,-166,-162,-154,-137,-143,-169,-125,-139,-38,-38,-38,-38,-38,-38,-38,-38,-38,-38,-43,-54,-107,-169,-169,-88,-83,-124,-38,-38,-38,-44,-8,-8,-8,-8,-8,-8,-8,-8,-8,-8,-8,-8,-8,-8,-8,-8,-8,-8,-8,-8,-8,-8,-8,-8,-8,-8,-8,-8,-8]} 1. e4 e5 2. Nf3 d6 3. Bc4 Be7 4. O-O Nf6 5. Re1 O-O 6. c3 Nbd7 {C41: Philidor Defence.} 7. d4 a6 8. a4 b6 {White is slightly better.} 9. Nbd2 Bb7 {[#]} 10. h3 $146 ({Predecessor:} 10. Bd3 Re8 11. Nf1 Bf8 12. Ng3 d5 13. exd5 exd4 14. Rxe8 Qxe8 15. c4 b5 16. b3 bxc4 17. bxc4 {1-0 (40) Domarkaite,L (2154)-Mira,H (2069) Vienna 2014}) 10... exd4 11. Nxd4 Ne5 12. Bf1 Re8 13. c4 (13. f4 $11 Nc6 14. Nc2) 13... Bf8 14. f3 (14. a5 $11 {might be stronger.}) 14... c6 (14... Nh5 $15) 15. f4 (15. N2b3 $11) 15... Ng6 16. Qf3 d5 17. cxd5 Nxd5 (17... Bc5 $6 18. N2b3 $11) 18. N2b3 {[#]} (18. Rd1 $17 {is a better defense.} Ndxf4 19. Nf5) 18... c5 $1 $19 19. Nc2 Nf6 20. Nd2 Nh4 (20... c4 $19 {White must now prevent ...Qc7.} 21. g3 (21. Bxc4 $2 Qc7 $19) 21... Qc7) 21. Qd3 (21. Qf2 $17 Bxe4 22. Ne3) 21... Qxd3 22. Bxd3 Rad8 23. Bf1 Nxe4 24. Nxe4 Bxe4 ({Stronger than} 24... Rxe4 25. Rxe4 Bxe4 26. Ne3 $17) 25. Na3 Bb7 (25... Re6 $19 {[%cal Oe4g2]} 26. b3 Be7) 26. Be3 Re4 (26... Rd6 $17 {Strongly threatening ...Rg6.} 27. Kf2 Nf5) 27. Nc4 Nf5 (27... b5 $17 28. Na5 Ba8) 28. Bf2 $1 $11 Rxf4 29. Nxb6 {[#]} (29. Rad1 $15 Rxd1 30. Rxd1) 29... c4 $1 $36 {[%cal Of4f2][%mdl 2048] Black is on the roll.} ({Weaker is} 29... Rd2 30. Re2 Rd8 31. Rae1 $17) 30. Rad1 Rxd1 31. Rxd1 {[#]} Rxf2 $1 {[%mdl 512]} 32. Kxf2 Bc5+ 33. Ke1 Bxb6 {A strong pair of Bishops.} 34. Bxc4 Nd4 35. Kd2 Bxg2 (35... Ne6 $19 36. Kc3 Bxg2 37. Bxa6 Bxh3) 36. Bxa6 Bc6 (36... Ba5+ $17 37. Ke3 Nf5+ 38. Kf2 Bb6+ 39. Ke1 Nd4) 37. Kc3 $15 {Hoping for a5.} Bxa4 38. Rxd4 Bxd4+ 39. Kxd4 {[%mdl 4096] Endgame KB-KB} Bb3 40. Kc3 Be6 41. Bf1 Kf8 42. b4 Ke7 43. Kd4 (43. h4 $17) 43... Kd6 $19 44. Bg2 (44. h4 $19) 44... Bd7 $17 45. h4 h6 ({Better is} 45... f6 $17 {Threatens to win with ...g5.} 46. Be4 g6) 46. Bd5 $1 $15 Be8 {And now ...f6 would win.} 47. b5 g5 48. hxg5 {The position is equal.} hxg5 49. b6 f6 50. Bg2 Bb5 51. Bh1 Bd7 52. Bg2 Bg4 53. Bd5 Bd1 (53... Kd7 $5 {[%cal Rd7d6]}) 54. Bg2 $1 Bc2 55. Bd5 f5 56. Bg2 Bd1 57. b7 Kc7 58. Ke5 Bc2 59. Kf6 Be4 60. Kxg5 Bxg2 61. Kxf5 Kxb7 {Weighted Error Value: White=0.15 (very precise) /Black=0.14 (very precise)} 1/2-1/2

[Event "46th BAN National Premier Chess-ch 2021"]
[Site "Dhaka"]
[Date "2022.01.05"]
[Round "9.7"]
[White "Mollah Abdullah, Al Rakib"]
[Black "Murshed, Niaz"]
[Result "1/2-1/2"]
[WhiteElo "2459"]
[BlackElo "2419"]
[Annotator "TA"]
[PlyCount "90"]
[EventDate "2021.12.27"]
[EventCountry "BAN"]
[SourceTitle "playchess.com"]
[Source "ChessBase"]
[SourceQuality "1"]

{[%evp 9,90,7,12,7,8,8,14,7,6,1,23,18,11,17,36,40,98,103,102,0,70,44,111,105,106,83,180,100,104,101,102,108,107,109,118,121,123,107,160,131,227,89,89,78,78,65,68,60,151,158,158,136,124,0,0,0,100,0,0,0,0,0,0,0,0,0,0,0,0,0,0,0,0,0,0,0,0,0,0,0,0,0,0]} 1. d4 Nf6 2. Bg5 Ne4 3. h4 d5 4. Nd2 Nxd2 5. Qxd2 Bf5 6. e3 {A45: Trompowsky Attack.} h6 7. Bf4 e6 8. Bd3 Bxd3 9. Qxd3 {[#]} Nc6 $146 ({Predecessor:} 9... c5 10. Nf3 Qb6 11. O-O Nd7 12. a4 Be7 13. a5 Qc6 14. Ne5 Nxe5 15. Bxe5 O-O {1-0 (41) Ratkovic,M (2411)-Vratonjic,S (2388) Subotica 2019}) 10. Ne2 Bd6 11. O-O-O a5 12. e4 {[%cal Be3e4,Be4e5][%mdl 32]} O-O (12... Bxf4+ $14 13. Nxf4 O-O) 13. e5 $1 $16 Be7 14. Qh3 {White is more active.} (14. Qe3 $16) 14... Qd7 ({Black should play} 14... a4 $11) 15. g4 $14 {[%cal Bg2g4,Bg4g5,Bg5h6,Bh6g7][%mdl 32]} f6 (15... a4 $14) 16. exf6 $16 Bxf6 {[%cal Oc6d4]} 17. g5 Bxd4 (17... Nxd4 $16 {might work better.} 18. Nxd4 Bxd4 19. Rxd4 c5) 18. Nxd4 (18. gxh6 $18 Bf6 19. Rhg1) 18... Nxd4 19. Rxd4 c5 20. Rd3 {[%cal Og5h6]} Rxf4 21. gxh6 Rf6 22. hxg7 Qf7 23. Re1 d4 (23... Re8 $142) 24. h5 Rxf2 (24... Kh7 $16 {was necessary.}) 25. Qxe6 {The board is on fire.} (25. h6 $18 {and White stays clearly on top. Hoping for h7+.} Kh7 26. Qxe6) 25... Qxe6 26. Rxe6 Kxg7 {[%mdl 4096] Endgame KRR-KRR} 27. Re7+ Kf6 28. Rxb7 {And now Rc7 would win.} Re8 {[#]} (28... Rh8 $14) 29. Rc7 $1 {Rc6+ is the strong threat.} Re5 30. h6 Rh2 {[#]} 31. h7 ({White should try} 31. Rc6+ $1 $16 Kf5 32. Rd1) 31... Ke6 $1 $11 32. Rd2 Rh1+ 33. Rd1 Rh2 {The position is equal.} 34. Rd2 Rh1+ 35. Rd1 Rh2 36. Rg1 Kd6 37. Rcg7 {Threatens to win with b3.} Ree2 38. R7g2 Rexg2 ({But not} 38... Rhxg2 39. Rxg2 Re1+ 40. Kd2 $16) 39. Rxg2 Rxh7 {KR-KR} 40. Rg6+ Kd5 41. Rg5+ Kc6 42. a4 c4 43. Rxa5 Rh1+ 44. Kd2 Rh2+ 45. Kd1 Rh1+ {Weighted Error Value: White=0.16 (very precise) /Black=0.16 (very precise)} 1/2-1/2

[Event "46th BAN National Premier Chess-ch 2021"]
[Site "Dhaka"]
[Date "2022.01.07"]
[Round "10.1"]
[White "Manon, Reja Neer"]
[Black "Murshed, Niaz"]
[Result "0-1"]
[WhiteElo "1989"]
[BlackElo "2419"]
[Annotator "TA"]
[PlyCount "68"]
[EventDate "2021.12.27"]
[EventCountry "BAN"]
[SourceTitle "playchess.com"]
[Source "ChessBase"]
[SourceQuality "1"]

{[%evp 18,68,9,-9,-12,-12,-17,-19,0,-7,0,-7,-19,-12,0,-54,-50,-91,-98,-99,-106,-150,-148,-229,-210,-259,-172,-175,-176,-177,-169,-184,-181,-179,-133,-364,-381,-375,-372,-585,-576,-589,-582,-614,-606,-622,-603,-611,-610,-628,-633,-584,-581]} 1. e4 c5 2. Nf3 Nc6 3. d4 cxd4 4. Nxd4 Qc7 5. Nc3 e6 6. Be3 a6 7. a3 b5 8. Be2 Bb7 9. O-O Nf6 10. Nb3 Ne5 {B49: Sicilian: Taimanov: 5 Nc3 Qc7 6 Be3 a6 7 Be2.} 11. f4 Nc4 12. Bxc4 bxc4 {The position is equal.} 13. Nd2 Bc5 14. Qe2 ({Much worse is} 14. Nxc4 d5 15. Na4 (15. exd5 Nxd5 16. Qe2 Nxe3 $15) 15... Bxe3+ 16. Nxe3 Nxe4 $15) 14... O-O {[#]} 15. e5 $146 ({Predecessor:} 15. Bxc5 Qxc5+ 16. Qf2 Qc6 17. Qd4 Rac8 18. Rac1 d6 19. h3 Rfd8 20. Rf2 h6 21. Kh2 {½-½ (43) Nevednichy,V (2560)-Sarakauskiene,Z (2105) La Fere 2002}) 15... Nd5 16. Nxd5 (16. Bxc5 $11 Qxc5+ 17. Qf2 Qxf2+ 18. Rxf2) 16... Bxd5 $15 17. b3 (17. Rf2 $15 {might be stronger.}) 17... cxb3 $17 18. cxb3 Rfc8 19. Rf2 (19. b4 $142 Be7 20. Qf2) 19... Bxa3 20. Nf1 (20. Nc4 $17 Bc5 21. Bxc5 Qxc5 22. Qe3) 20... Be7 $19 {This bishop pair is nice.} 21. Rxa6 Rxa6 ({Don't go for} 21... Bxb3 $2 22. Rxa8 Rxa8 23. Bd4 $19) 22. Qxa6 Bxb3 23. Rb2 Bd5 24. Qa7 f6 25. exf6 {[#] And now Qxc7 would win.} Bxf6 ({Better is} 25... Qxa7 $19 26. Bxa7 Bxf6) 26. Rd2 $2 {Now White is beyond hope.} (26. Qxc7 $17 Rxc7 27. Rd2) 26... Qxa7 27. Bxa7 Rc1 {Threatens to win with ...Bc4.} 28. Be3 (28. g3 {is a better defense.}) 28... Bc4 {[%csl Gc4][%cal Rc1f1] [#] Black is clearly winning.} 29. Rf2 Re1 30. Bc5 d6 31. Bb6 Rb1 32. Ba7 h5 {[%cal Bh7h5,Bh5h4,Bh4h3][%mdl 32]} 33. g3 h4 {Strongly threatening ...h3.} 34. g4 h3 {Weighted Error Value: White=0.36/Black=0.06 (flawless)} 0-1

[Event "46th BAN National Premier Chess-ch 2021"]
[Site "Dhaka"]
[Date "2022.01.07"]
[Round "10.2"]
[White "Rahman, Ziaur"]
[Black "Mollah Abdullah, Al Rakib"]
[Result "1/2-1/2"]
[WhiteElo "2413"]
[BlackElo "2459"]
[Annotator "TA"]
[PlyCount "36"]
[EventDate "2021.12.27"]
[EventCountry "BAN"]
[SourceTitle "playchess.com"]
[Source "ChessBase"]
[SourceQuality "1"]

{[%evp 24,36,42,47,70,53,116,37,63,67,135,0,53,0,145]} 1. Nf3 Nf6 2. g3 g6 3. Bg2 Bg7 4. c4 O-O 5. O-O d6 6. Nc3 Nc6 7. d4 Bg4 8. h3 Bxf3 9. Bxf3 Nd7 10. e3 e5 11. d5 Ne7 12. e4 f5 13. h4 Kh8 {E62: King's Indian: Fianchetto: 6...c6 and Panno Variation (6...Nc6) without ...a6.} 14. Kg2 {[#]} Ng8 $146 {[#]} (14... h6 $14) ({Predecessor:} 14... Nf6 15. Bg5 Neg8 16. h5 Bh6 17. Bxh6 Nxh6 18. hxg6 hxg6 19. Rh1 Kg7 20. Qd2 Nfg8 21. Rh3 {½-½ (47) Vocaturo,D (2536)-Arenas Vanegas,D (2437) Sitges 2013}) 15. Bg5 (15. h5 $1 $16) 15... Bf6 16. Bd2 {White is more active.} Bg7 {[#]} (16... f4 $14) 17. Bg5 ({Better is} 17. h5 $1 $16) 17... Bf6 $14 18. Bd2 (18. Be3 $14) 18... Bg7 $1 {Weighted Error Value: White=0.45/Black=0.26 (precise)} 1/2-1/2

[Event "46th BAN National Premier Chess-ch 2021"]
[Site "Dhaka"]
[Date "2022.01.07"]
[Round "10.3"]
[White "Md., Sharif Hossain"]
[Black "Mehdi, Hasan Parag"]
[Result "0-1"]
[WhiteElo "2211"]
[BlackElo "2230"]
[Annotator "TA"]
[PlyCount "100"]
[EventDate "2021.12.27"]
[EventCountry "BAN"]
[SourceTitle "playchess.com"]
[Source "ChessBase"]
[SourceQuality "1"]

{[%evp 13,100,11,8,5,9,0,0,0,0,-12,29,52,95,23,49,38,58,19,17,19,26,0,0,-31,87,0,0,-15,-33,-38,-54,-131,86,80,345,337,265,0,0,0,0,0,0,0,0,0,0,0,0,-315,-242,-236,-275,-275,-275,-266,-265,-262,-216,-750,-747,-739,-665,-872,-876,-897,-890,-983,-969,-2129,-2079,-2059,-2096,-1659,-2847,-1944,-2271,-5206,-5197,-2092,-2131,-5165,-4778,-29985,-29986,-29993,-29977,-29976,-29973]} 1. e4 c5 2. Nf3 d6 3. d4 cxd4 4. Nxd4 Nf6 5. Nc3 a6 6. Bd3 e5 7. Nb3 Be7 8. O-O {B90: Sicilian Najdorf: Unusual White 6th moves, 6 Be3 Ng4 and 6 Be3 e5.} O-O 9. a4 Be6 10. Nd5 {The position is equal.} Bxd5 11. exd5 {[#]} e4 $146 (11... Nxd5 $142 12. Be4 Nf6 13. Bxb7 Ra7) ({Predecessor:} 11... Nbd7 12. Re1 Rc8 13. a5 Qc7 14. Ra4 Nxd5 15. Rc4 Qb8 16. Bxh7+ Kxh7 17. Qxd5 Nf6 {1-0 (46) Banach,S (1891)-Janulek,D (1878) Szczyrk 2014}) 12. Be2 $11 a5 (12... Re8 $14) 13. c4 ({White should play} 13. Re1 $16) 13... Na6 14. Bd2 b6 $1 15. Nd4 Nd7 16. Nc6 Qe8 17. Bc3 Bf6 18. Bg4 Ne5 (18... Bxc3 $15 {keeps the upper hand.} 19. Bxd7 (19. bxc3 f5 $15) 19... Qxd7 20. bxc3 Nc5) 19. Bxe5 (19. Bf5 $1 $16) 19... Bxe5 20. f4 ({Reject} 20. Nxe5 Qxe5 21. Bd7 f5 $15) 20... Bxb2 21. Ra2 Bc3 22. Bf5 (22. Rc2 $15 Bb4 23. f5) 22... Nc5 $2 (22... g6 $1 $17 {[%cal Rg6f5] stays on course.} 23. Qc2 Bg7 24. Bxe4 Nc5) 23. Ra3 $1 $16 Bb2 {[%mdl 8192] [#]} (23... g6 $16) 24. Bxh7+ $1 $18 {[%mdl 576] Decoy} Kxh7 25. Qh5+ $2 (25. Rh3+ $1 $18 Kg8 26. Qh5) 25... Kg8 $11 26. Rh3 {[%csl Gh3][%cal Rh5h7]} f5 {Threatens to win with ...Qxh5.} 27. Qh7+ Kf7 {Hoping for ...Rh8.} 28. Qxf5+ Bf6 $1 {And now ...Rh8 would win.} (28... Kg8 $2 29. Qh7+ Kf7 {[#]} 30. Ne5+ $1 {[%mdl 512]} Ke7 31. Qxg7+ Kd8 32. Rh7 $1 $18) 29. Qh5+ Kg8 {White must now prevent ...Qxh5.} 30. Qh7+ Kf7 {aiming for ...Rh8.} 31. Rg3 $2 {[%mdl 8192]} (31. Qh5+ $1 $11 Kg8 32. Qh7+ Kf7 33. Qh5+) 31... Rh8 32. Ne5+ ({Of course not} 32. Qf5 Rh6 33. Ra3 Qc8 34. Qxc8 Rxc8 $19) 32... dxe5 33. Rxg7+ Bxg7 34. fxe5+ Ke7 35. Qxg7+ Kd8 {...Rg8 is the strong threat.} 36. Rf7 $2 (36. d6 Nd7 37. e6) 36... Rg8 $19 37. Qf6+ Kc8 38. Qf5+ Kb8 39. e6 Ra7 40. Qh7 Rh8 41. Qg7 Rxf7 42. exf7 Qf8 43. Qe5+ Kb7 44. d6 e3 {[%cal Of8f7,Be4e3,Be3e2][%mdl 32]} 45. Qe7+ Ka6 {( -> ...Qh6)} 46. h3 e2 47. Kf2 {[#]} Ne4+ $1 48. Qxe4 (48. Kxe2 Nxd6) 48... Qxf7+ {Black mates.} 49. Qf3 Qxf3+ 50. gxf3 Kb7 {Never resign too early!  Weighted Error Value: White=0.64/Black=0.40} 0-1